LIBRARY & INFORMATION CENTRE, KCAET, TAVANUR

ONLINE PUBLIC ACCESS CATALOGUE (OPAC)

Higher algebra: A sequel to elementry algebra for schools / (Record no. 9300)

MARC details
000 -LEADER
fixed length control field 00509cam a2200193ua 4500
041 ## - LANGUAGE CODE
Language code of text/sound track or separate title eng
082 ## - DEWEY DECIMAL CLASSIFICATION NUMBER
Classification number 512
Item number HAL/HI
100 ## - MAIN ENTRY--AUTHOR NAME
Personal name Hall, H S .
245 ## - TITLE STATEMENT
Title Higher algebra: A sequel to elementry algebra for schools /
250 ## - EDITION STATEMENT
Edition statement 4 /
260 ## - PUBLICATION, DISTRIBUTION, ETC. (IMPRINT)
Place of publication Melbourne,London :
Name of publisher MacMillan and Company Limited ,
Year of publication 1960.
300 ## - PHYSICAL DESCRIPTION
Number of Pages 557 ; .
700 1# - ADDED ENTRY--PERSONAL NAME
Personal name Knight, S R .
942 ## - ADDED ENTRY ELEMENTS (KOHA)
Koha item type Books
Holdings
Withdrawn status Lost status Damaged status Home library Current library Date acquired Full call number Accession Number Koha item type
      KAUAET KAUAET 07/04/2012 512 4212 Books
free website counter